<?xml version="1.0" encoding="UTF-8"?>
<record
    xmlns:xsi="http://www.w3.org/2001/XMLSchema-instance"
    xsi:schemaLocation="http://www.loc.gov/MARC21/slim http://www.loc.gov/standards/marcxml/schema/MARC21slim.xsd"
    xmlns="http://www.loc.gov/MARC21/slim">

  <leader>00741cam a22002171  4500</leader>
  <controlfield tag="001">ne 64002543 </controlfield>
  <controlfield tag="003">DLC</controlfield>
  <controlfield tag="005">20260227111805.0</controlfield>
  <controlfield tag="008">840112s1964    ua            000 0 ararc</controlfield>
  <datafield tag="010" ind1=" " ind2=" ">
    <subfield code="a">ne 64002543 </subfield>
  </datafield>
  <datafield tag="035" ind1=" " ind2=" ">
    <subfield code="a">(OCoLC)10294169</subfield>
  </datafield>
  <datafield tag="040" ind1=" " ind2=" ">
    <subfield code="a">Princeton Univ. Libr.</subfield>
    <subfield code="c">TxU</subfield>
    <subfield code="d">TxU</subfield>
    <subfield code="d">DLC</subfield>
  </datafield>
  <datafield tag="042" ind1=" " ind2=" ">
    <subfield code="a">premarc</subfield>
  </datafield>
  <datafield tag="050" ind1="0" ind2="0">
    <subfield code="a">PN5463</subfield>
    <subfield code="b">.A35</subfield>
  </datafield>
  <datafield tag="100" ind1="1" ind2=" ">
    <subfield code="a">Khi&#x1E0D;r, &#x2BB;Abb&#x101;s.</subfield>
  </datafield>
  <datafield tag="245" ind1="1" ind2="0">
    <subfield code="a">&#x1E62;u&#x1E25;af&#x12B;y&#x16B;n mu&#x2BB;&#x101;&#x1E63;ir&#x16B;n,</subfield>
    <subfield code="b">lama&#x1E25;&#x101;t min nash&#x2BC;atahum wa-kif&#x101;&#x1E25;ahum.</subfield>
    <subfield code="c">bi-qalam &#x2BB;Abb&#x101;s Khi&#x1E0D;r. Taqd&#x12B;m M&#x101;hir Nas&#x12B;m.</subfield>
  </datafield>
  <datafield tag="260" ind1=" " ind2=" ">
    <subfield code="a">al-Q&#x101;hirah,</subfield>
    <subfield code="b">D&#x101;r al-Karnak lil-Nashr wa-al-&#x1E6C;ab&#x2BB; wa-al-Tawz&#x12B;&#x2BB;</subfield>
    <subfield code="c">[1964?]</subfield>
  </datafield>
  <datafield tag="300" ind1=" " ind2=" ">
    <subfield code="a">186 p.</subfield>
    <subfield code="b">ports.</subfield>
    <subfield code="c">20 cm.</subfield>
  </datafield>
  <datafield tag="490" ind1="0" ind2=" ">
    <subfield code="a">al-Maktabah al-Thaq&#x101;f&#x12B;yah,</subfield>
    <subfield code="v">3</subfield>
  </datafield>
  <datafield tag="650" ind1=" " ind2="0">
    <subfield code="a">Journalists</subfield>
    <subfield code="z">Egypt.</subfield>
  </datafield>
  <datafield tag="999" ind1=" " ind2=" ">
    <subfield code="c">47469</subfield>
    <subfield code="d">47469</subfield>
  </datafield>
</record>
